000 00390nam a2200157Ia 4500
008 151213s9999 xx 000 0 und d
100 _aKabir Chowdhury
245 _aSelected Poem of Abul Hussain
_cKabir Chowdhury
250 _a1st
260 _aDhaka
_bBashir Al - Helal
_c1986
300 _a4518 p.
650 _aEnglish
650 _aPoem
700 _aKabir Chowdhury
999 _c2893
_d2893